[Event "HUN-chT 1819"]
[Site "Hungary"]
[Date "2019.01.27"]
[Round "4.1"]
[White "Veroci, Zsuzsa"]
[Black "Balazs, Gabor1111"]
[Result "0-1"]
[WhiteElo "2253"]
[BlackElo "2401"]
[PlyCount "80"]
[EventDate "2018.11.17"]
[EventType "team-tourn"]
[EventRounds "9"]
[EventCountry "HUN"]
[SourceTitle "CBM 188 Extra"]
[Source "ChessBase"]
[SourceDate "2019.02.26"]
[SourceVersion "1"]
[SourceVersionDate "2019.02.26"]
[SourceQuality "1"]
[WhiteTeam "DVTK"]
[BlackTeam "Paks"]
[WhiteTeamCountry "HUN"]
[BlackTeamCountry "HUN"]

1. e4 c5 2. Nf3 e6 3. d4 cxd4 4. Nxd4 a6 5. Bd3 Bc5 6. Nb3 Ba7 7. Qe2 Nc6 8. Be3 d6 9. Nc3 Nf6 10. Bxa7 Rxa7 11. 0-0 b5 12. a3 0-0 13. Rad1 Qb6 14. Kh1 e5 15. Nd5 Nxd5 16. exd5 Na5 17. Nxa5 Qxa5 18. c3 f5 19. f3 Qb6 20. Qf2 Qxf2 21. Rxf2 Rc7 22. Rc2 Bb7 23. c4 bxc4 24. Rxc4 Rxc4 25. Bxc4 Rc8 26. b3 a5 27. a4 Kf7 28. Kg1 Kf6 29. Kf2 g5 30. g3 f4 31. Re1 Rc5 32. Rd1 Bc8 33. gxf4 exf4 34. Re1 Bd7 35. h4 gxh4 36. Re4 Kg5 37. Re7 Bf5 38. Rg7+ Kf6 39. Rg8 Rc8 40. Rg1 h3 0-1

[Event "HUN-chT 0910"]
[Site "Hungary"]
[Date "2009.12.06"]
[Round "3"]
[White "Liptay, Laszlo"]
[Black "Veroci, Zsuzsa"]
[Result "1-0"]
[WhiteElo "2333"]
[BlackElo "2266"]
[PlyCount "95"]
[EventDate "2009.11.08"]
[EventType "team-tourn"]
[EventRounds "11"]
[EventCountry "HUN"]
[SourceTitle "EXT 2011"]
[Source "ChessBase"]
[SourceDate "2010.11.26"]
[SourceVersion "1"]
[SourceVersionDate "2010.11.26"]
[SourceQuality "1"]
[WhiteTeam "Honved"]
[BlackTeam "Kazincbarcika"]
[WhiteTeamCountry "HUN"]
[BlackTeamCountry "HUN"]

1. d4 Nf6 2. c4 g6 3. g3 Bg7 4. Bg2 0-0 5. Nc3 d6 6. Nf3 Nc6 7. 0-0 a6 8. d5 Na5 9. Nd2 c5 10. Qc2 e5 11. a3 b6 12. b4 Nb7 13. e4 Ng4 14. Bb2 f5 15. exf5 gxf5 16. h3 Nh6 17. f4 exf4 18. gxf4 Bd4+ 19. Kh1 Ng4 20. Nd1 Bxb2 21. Qxb2 Nf6 22. Bf3 Kf7 23. Ne3 Bd7 24. Rg1 Rg8 25. Qc2 Rxg1+ 26. Rxg1 Qc8 27. Ndf1 cxb4 28. axb4 a5 29. Ng3 axb4 30. Nh5 Qh8 31. Nxf5 Nxh5 32. Bxh5+ Kf8 33. Ng7 Ra3 34. Rg5 Rxh3+ 35. Kg2 Rc3 36. Qe4 Nc5 37. Qd4 Rc2+ 38. Kf1 Rc1+ 39. Ke2 Rc2+ 40. Kf1 Rc1+ 41. Kf2 Rc2+ 42. Ke1 Rc1+ 43. Bd1 Kf7 44. Kd2 Rxd1+ 45. Kxd1 Qa8 46. Nh5 Ba4+ 47. Ke2 Qe8+ 48. Kf1 1-0

[Event "HUN-chT 0809"]
[Site "Hungary"]
[Date "2009.04.18"]
[Round "11"]
[White "Gara, Ticia"]
[Black "Veroci, Zsuzsa"]
[Result "1-0"]
[WhiteElo "2312"]
[BlackElo "2270"]
[PlyCount "111"]
[EventDate "2008.10.26"]
[EventType "team-tourn"]
[EventRounds "11"]
[EventCountry "HUN"]
[SourceTitle "EXT 2010"]
[Source "ChessBase"]
[SourceDate "2010.11.25"]
[SourceVersion "1"]
[SourceVersionDate "2010.11.25"]
[SourceQuality "1"]
[WhiteTeam "Aquaprofit"]
[BlackTeam "Kazincbarcika"]
[WhiteTeamCountry "HUN"]
[BlackTeamCountry "HUN"]

1. e4 e5 2. Nf3 Nc6 3. Bb5 a6 4. Ba4 d6 5. 0-0 Bd7 6. d4 Nf6 7. c3 g6 8. Re1 Qe7 9. Nbd2 Bg7 10. Nf1 0-0 11. Bg5 h6 12. Bh4 Qe8 13. Bb3 Kh7 14. Ne3 Rc8 15. Nd5 Ng8 16. dxe5 dxe5 17. Nd2 Nce7 18. f3 Bc6 19. Qe2 f6 20. Bf2 Ba4 21. Bc5 Bxb3 22. Nxb3 Rf7 23. Rad1 Nxd5 24. exd5 Qd7 25. d6 Bf8 26. dxc7 Qxc7 27. Bxf8 Rcxf8 28. Rd3 Rd8 29. Red1 Rfd7 30. Rxd7+ Rxd7 31. Rxd7+ Qxd7 32. Qd2 Qc7 33. Qd5 Kg7 34. Nc5 Qc6 35. Qxc6 bxc6 36. Nxa6 Kf7 37. Kf2 Ke6 38. Ke3 Ne7 39. g4 f5 40. a4 Nd5+ 41. Kd3 Kd6 42. Nb4 Nc7 43. Nc2 Ne6 44. b4 e4+ 45. fxe4 fxg4 46. a5 Nc7 47. c4 h5 48. Ke3 g5 49. Nd4 h4 50. b5 c5 51. Ne2 Ke5 52. Nc3 Ne8 53. a6 Nd6 54. a7 Nxc4+ 55. Kf2 Nb6 56. Nd5 1-0

[Event "HUN-chT 0809"]
[Site "Hungary"]
[Date "2008.12.20"]
[Round "3"]
[White "Veroci, Zsuzsa"]
[Black "Bors, Tamas"]
[Result "1-0"]
[WhiteElo "2270"]
[BlackElo "2261"]
[PlyCount "81"]
[EventDate "2008.10.26"]
[EventType "team-tourn"]
[EventRounds "11"]
[EventCountry "HUN"]
[SourceTitle "EXT 2010"]
[Source "ChessBase"]
[SourceDate "2010.11.25"]
[SourceVersion "1"]
[SourceVersionDate "2010.11.25"]
[SourceQuality "1"]
[WhiteTeam "Kazincbarcika"]
[BlackTeam "Taban Spartacus"]
[WhiteTeamCountry "HUN"]
[BlackTeamCountry "HUN"]

1. e4 c5 2. Nf3 Nc6 3. d4 cxd4 4. Nxd4 Qb6 5. Nb3 Nf6 6. Nc3 e6 7. Bd3 Be7 8. 0-0 d6 9. Kh1 a6 10. f4 h5 11. Qf3 Ng4 12. Bd2 Bd7 13. a3 Bf6 14. Nd1 Nd4 15. Nxd4 Bxd4 16. c3 Bf6 17. Ne3 Bc6 18. Qe2 0-0-0 19. Nxg4 hxg4 20. Be3 g3 21. h3 Qc7 22. Kg1 g6 23. Rac1 Bh4 24. c4 f5 25. Qc2 Kb8 26. b4 fxe4 27. Bxe4 d5 28. Bd4 dxe4 29. Be5 Rd6 30. c5 Rhd8 31. Bxd6 Rxd6 32. cxd6 Qxd6 33. Qc3 g5 34. Rcd1 Qc7 35. Qh8+ Ka7 36. Qd4+ b6 37. Qd6 Qxd6 38. Rxd6 Bb5 39. Re1 gxf4 40. Rxe4 Bg5 41. Rexe6 1-0

[Event "HUN-chT 0708"]
[Site "Hungary"]
[Date "2008.03.16"]
[Round "8"]
[White "Veroci, Zsuzsa"]
[Black "Bacso, Gabor"]
[Result "1/2-1/2"]
[WhiteElo "2279"]
[BlackElo "2153"]
[PlyCount "35"]
[EventDate "2007.10.14"]
[EventType "team"]
[EventRounds "11"]
[EventCountry "HUN"]
[SourceTitle "EXT 2009"]
[Source "ChessBase"]
[SourceDate "2008.11.26"]
[SourceVersion "1"]
[SourceVersionDate "2008.11.26"]
[SourceQuality "1"]
[WhiteTeam "Kazincbarcika"]
[BlackTeam "Vasas"]
[WhiteTeamCountry "HUN"]
[BlackTeamCountry "HUN"]

1. e4 c5 2. Nf3 d6 3. d4 cxd4 4. Nxd4 Nf6 5. Nc3 a6 6. Bc4 e6 7. Bb3 Nbd7 8. f4 Nc5 9. Qf3 Nxb3 10. axb3 Be7 11. 0-0 0-0 12. Be3 Qc7 13. g4 d5 14. e5 Nd7 15. Qg3 Kh8 16. h4 Rb8 17. Rad1 b5 18. h5 1/2-1/2

[Event "HUN-chT 0708"]
[Site "Hungary"]
[Date "2007.12.09"]
[Round "4"]
[White "Veroci, Zsuzsa"]
[Black "Fusthy, Zsolt"]
[Result "1/2-1/2"]
[WhiteElo "2279"]
[BlackElo "2291"]
[PlyCount "22"]
[EventDate "2007.10.14"]
[EventType "team"]
[EventRounds "11"]
[EventCountry "HUN"]
[SourceTitle "EXT 2009"]
[Source "ChessBase"]
[SourceDate "2008.11.26"]
[SourceVersion "1"]
[SourceVersionDate "2008.11.26"]
[SourceQuality "1"]
[WhiteTeam "Kazincbarcika"]
[BlackTeam "Statisztika"]
[WhiteTeamCountry "HUN"]
[BlackTeamCountry "HUN"]

1. e4 c6 2. d4 d5 3. e5 Bf5 4. Nf3 e6 5. a3 Nd7 6. Be2 h6 7. 0-0 Ne7 8. Be3 Bg4 9. Nbd2 Nf5 10. h3 Bxf3 11. Nxf3 Be7 1/2-1/2

[Event "HUN-chT2 Maroczy 0607"]
[Site "Hungary"]
[Date "2007.04.29"]
[Round "9"]
[White "Suto, Gabor"]
[Black "Veroci, Zsuzsa"]
[Result "1/2-1/2"]
[WhiteElo "2287"]
[BlackElo "2296"]
[PlyCount "59"]
[EventDate "2006.11.12"]
[EventType "team"]
[EventRounds "11"]
[EventCountry "HUN"]
[SourceTitle "EXT 2008"]
[Source "ChessBase"]
[SourceDate "2007.11.25"]
[SourceVersion "1"]
[SourceVersionDate "2007.11.25"]
[SourceQuality "1"]
[WhiteTeam "Sarospatak"]
[BlackTeam "Kazincbarcika"]
[WhiteTeamCountry "HUN"]
[BlackTeamCountry "HUN"]

1. d4 Nf6 2. c4 g6 3. Nc3 d5 4. h4 c6 5. cxd5 cxd5 6. Bf4 Bg7 7. e3 0-0 8. Be2 Nc6 9. h5 a6 10. hxg6 hxg6 11. Nf3 b5 12. Ne5 Bb7 13. Bd3 Ne4 14. Qf3 Nxe5 15. dxe5 Qc8 16. Nxe4 dxe4 17. Bxe4 Bxe4 18. Qxe4 Qe6 19. Rc1 Rac8 20. 0-0 Rxc1 21. Rxc1 Qxa2 22. Qb4 e6 23. Qd4 Qa4 24. Qxa4 bxa4 25. Rc4 Rb8 26. Rxa4 Rxb2 27. Rxa6 Rb5 28. Ra8+ Kh7 29. Ra7 Kg8 30. Ra8+ 1/2-1/2

[Event "HUN-chT2 Maroczy 0607"]
[Site "Hungary"]
[Date "2007.04.15"]
[Round "8"]
[White "Veroci, Zsuzsa"]
[Black "Egedi, Istvan"]
[Result "0-1"]
[WhiteElo "2296"]
[BlackElo "2321"]
[PlyCount "78"]
[EventDate "2006.11.12"]
[EventType "team"]
[EventRounds "11"]
[EventCountry "HUN"]
[SourceTitle "EXT 2008"]
[Source "ChessBase"]
[SourceDate "2007.11.25"]
[SourceVersion "1"]
[SourceVersionDate "2007.11.25"]
[SourceQuality "1"]
[WhiteTeam "Kazincbarcika"]
[BlackTeam "Dunaharaszti"]
[WhiteTeamCountry "HUN"]
[BlackTeamCountry "HUN"]

1. e4 e6 2. d4 d5 3. e5 c5 4. c3 Nc6 5. Nf3 Qb6 6. a3 a5 7. Bd3 Bd7 8. Bc2 h5 9. 0-0 Nh6 10. b3 Be7 11. Be3 Ng4 12. Nbd2 cxd4 13. cxd4 g5 14. Qe2 Rg8 15. Bd3 Rg7 16. b4 axb4 17. axb4 Rc8 18. b5 Nb4 19. Rfc1 Rxc1+ 20. Rxc1 Nxe3 21. fxe3 g4 22. Ne1 Bg5 23. Rb1 Na2 24. Nf1 Nc3 25. Qb2 Nxb1 26. Qxb1 h4 27. Qb4 Be7 28. Qa4 Bd8 29. Nc2 Qa5 30. Qb3 f6 31. exf6 Bxf6 32. Nb4 g3 33. hxg3 hxg3 34. Nc2 Be7 35. Qb1 Bd6 36. Ne1 Qb4 37. Qa1 Ke7 38. Nc2 Qb3 39. Ne1 Bxb5 0-1

[Event "HUN-chT2 Maroczy 0607"]
[Site "Hungary"]
[Date "2007.03.04"]
[Round "6"]
[White "Veroci, Zsuzsa"]
[Black "Kaman, Attila"]
[Result "1/2-1/2"]
[WhiteElo "2296"]
[BlackElo "2211"]
[PlyCount "37"]
[EventDate "2006.11.12"]
[EventType "team"]
[EventRounds "11"]
[EventCountry "HUN"]
[SourceTitle "EXT 2008"]
[Source "ChessBase"]
[SourceDate "2007.11.25"]
[SourceVersion "1"]
[SourceVersionDate "2007.11.25"]
[SourceQuality "1"]
[WhiteTeam "Kazincbarcika"]
[BlackTeam "DEAC"]
[WhiteTeamCountry "HUN"]
[BlackTeamCountry "HUN"]

1. e4 g6 2. d4 Bg7 3. Nc3 c6 4. Nf3 d6 5. Be3 Nf6 6. h3 0-0 7. a4 Nbd7 8. a5 Qc7 9. Qd2 e5 10. dxe5 Nxe5 11. Nd4 Re8 12. Be2 d5 13. exd5 Nxd5 14. Nxd5 cxd5 15. Nb5 Qc6 16. 0-0 a6 17. Nd4 Qc7 18. Rfe1 Bd7 19. Rad1 1/2-1/2

[Event "HUN-chT2 Maroczy 0607"]
[Site "Hungary"]
[Date "2006.12.17"]
[Round "4"]
[White "Acs, Gabor"]
[Black "Veroci, Zsuzsa"]
[Result "1-0"]
[WhiteElo "2240"]
[BlackElo "2296"]
[PlyCount "61"]
[EventDate "2006.11.12"]
[EventType "team"]
[EventRounds "11"]
[EventCountry "HUN"]
[SourceTitle "EXT 2008"]
[Source "ChessBase"]
[SourceDate "2007.11.25"]
[SourceVersion "1"]
[SourceVersionDate "2007.11.25"]
[SourceQuality "1"]
[WhiteTeam "Miskolc EMSE"]
[BlackTeam "Kazincbarcika"]
[WhiteTeamCountry "HUN"]
[BlackTeamCountry "HUN"]

1. e4 e5 2. Nf3 Nc6 3. Bc4 Bc5 4. b4 Bxb4 5. c3 Be7 6. d4 Na5 7. Be2 exd4 8. Qxd4 d6 9. Qxg7 Bf6 10. Qg3 Qe7 11. 0-0 Bd7 12. Bf4 Qxe4 13. Nbd2 Qg6 14. Ng5 0-0-0 15. Bd3 Qg7 16. Nde4 Be7 17. Qe3 Nc6 18. Bc4 Nh6 19. Rab1 Ng4 20. Qe2 b6 21. Nxf7 Rdf8 22. Nfxd6+ cxd6 23. Nxd6+ Bxd6 24. Bxd6 Re8 25. Ba6+ Kd8 26. Qd2 Nge5 27. f4 Nf7 28. Rbd1 Nxd6 29. Qxd6 Re7 30. Qxc6 Ke8 31. Rxd7 1-0

[Event "HUN-chT2 Maroczy 0607"]
[Site "Hungary"]
[Date "2006.11.12"]
[Round "1"]
[White "Agardi, Norbert"]
[Black "Veroci, Zsuzsa"]
[Result "1/2-1/2"]
[WhiteElo "2202"]
[BlackElo "2296"]
[PlyCount "34"]
[EventDate "2006.11.12"]
[EventType "team"]
[EventRounds "11"]
[EventCountry "HUN"]
[SourceTitle "EXT 2008"]
[Source "ChessBase"]
[SourceDate "2007.11.25"]
[SourceVersion "1"]
[SourceVersionDate "2007.11.25"]
[SourceQuality "1"]
[WhiteTeam "Vizugy"]
[BlackTeam "Kazincbarcika"]
[WhiteTeamCountry "HUN"]
[BlackTeamCountry "HUN"]

1. e4 e5 2. Nf3 Nc6 3. Nc3 Nf6 4. Bb5 Bb4 5. 0-0 0-0 6. d3 d6 7. Bxc6 bxc6 8. Ne2 h6 9. Ng3 Bc5 10. a4 a5 11. Bd2 Be6 12. Bc3 Bg4 13. h3 Bxf3 14. Qxf3 Nh7 15. Nf5 Qf6 16. Qg3 Rfe8 17. Ne3 Ng5 1/2-1/2

[Event "HUN-chT2 Maroczy 0506"]
[Site "Hungary"]
[Date "2006.04.23"]
[Round "11"]
[White "Emodi, Barnabas"]
[Black "Veroci, Zsuzsa"]
[Result "1/2-1/2"]
[WhiteElo "2380"]
[BlackElo "2308"]
[PlyCount "30"]
[EventDate "2005.10.16"]
[EventType "team"]
[EventRounds "11"]
[EventCountry "HUN"]
[SourceTitle "EXT 2009"]
[Source "ChessBase"]
[SourceDate "2008.11.26"]
[SourceVersion "1"]
[SourceVersionDate "2008.11.26"]
[SourceQuality "1"]
[WhiteTeam "Miskolc EMSE"]
[BlackTeam "Kazincbarcika"]
[WhiteTeamCountry "HUN"]
[BlackTeamCountry "HUN"]

1. c4 e5 2. g3 Nc6 3. Bg2 g6 4. Nc3 Bg7 5. d3 d6 6. Rb1 a5 7. a3 Nf6 8. Nf3 0-0 9. 0-0 h6 10. b4 axb4 11. axb4 Be6 12. b5 Ne7 13. Bb2 Qd7 14. Re1 Nh5 15. Qb3 f5 1/2-1/2

[Event "HUN-chT2 Maroczy 0506"]
[Site "Hungary"]
[Date "2006.02.12"]
[Round "7"]
[White "Blasko, Istvan"]
[Black "Veroci, Zsuzsa"]
[Result "1-0"]
[WhiteElo "2325"]
[BlackElo "2308"]
[PlyCount "105"]
[EventDate "2005.10.16"]
[EventType "team"]
[EventRounds "11"]
[EventCountry "HUN"]
[SourceTitle "EXT 2009"]
[Source "ChessBase"]
[SourceDate "2008.11.26"]
[SourceVersion "1"]
[SourceVersionDate "2008.11.26"]
[SourceQuality "1"]
[WhiteTeam "Matra"]
[BlackTeam "Kazincbarcika"]
[WhiteTeamCountry "HUN"]
[BlackTeamCountry "HUN"]

1. d4 Nf6 2. c4 g6 3. Nc3 d5 4. cxd5 Nxd5 5. e4 Nxc3 6. bxc3 Bg7 7. Bc4 0-0 8. Ne2 Nc6 9. 0-0 b6 10. Be3 Bb7 11. f4 Na5 12. Bd3 Rc8 13. Rb1 c5 14. d5 c4 15. Bc2 e6 16. dxe6 fxe6 17. Qe1 Qe7 18. Qg3 Rcd8 19. h4 Kh8 20. e5 Bd5 21. Qh3 Bh6 22. g4 Rf7 23. Ng3 Nb7 24. g5 Bf8 25. h5 gxh5 26. Nxh5 Nc5 27. g6 hxg6 28. Bxg6 Rh7 29. Rb2 Rh6 30. f5 exf5 31. Bxh6 Bxh6 32. Ng3 Qg5 33. Rxf5 Qc1+ 34. Rf1 Qe3+ 35. Kh2 Be6 36. Bf5 Rd2+ 37. Rxd2 Qxd2+ 38. Qg2 Bxf5 39. Rxf5 Qxg2+ 40. Kxg2 Bd2 41. Ne2 Kg7 42. Rf3 Ne6 43. Rf6 Ng5 44. Rc6 Kf7 45. Rd6 Be3 46. Nd4 Bxd4 47. cxd4 c3 48. Rc6 Ne6 49. d5 Nf4+ 50. Kf3 Nxd5 51. Ke4 Nb4 52. Rxc3 Nxa2 53. Ra3 1-0

[Event "HUN-chT2 Maroczy 0405"]
[Site "Hungary"]
[Date "2004.12.19"]
[Round "5"]
[White "Veroci, Zsuzsa"]
[Black "Szalanczy, Emil"]
[Result "1/2-1/2"]
[WhiteElo "2305"]
[BlackElo "2380"]
[PlyCount "88"]
[EventDate "2004.09.26"]
[EventType "team"]
[EventRounds "11"]
[EventCountry "HUN"]
[SourceTitle "EXT 2008"]
[Source "ChessBase"]
[SourceDate "2007.11.25"]
[SourceVersion "1"]
[SourceVersionDate "2007.11.25"]
[SourceQuality "1"]
[WhiteTeam "Miskolc"]
[BlackTeam "Lang"]
[WhiteTeamCountry "HUN"]
[BlackTeamCountry "HUN"]

1. e4 c5 2. c3 d6 3. d4 Nf6 4. Bd3 g6 5. Nf3 Bg7 6. 0-0 0-0 7. h3 e6 8. Re1 Nc6 9. dxc5 dxc5 10. Be3 b6 11. Qe2 Bb7 12. Nbd2 Qc7 13. Ba6 Rad8 14. Bxb7 Qxb7 15. Bg5 h6 16. Bxf6 Bxf6 17. a4 Rd7 18. Rad1 Rfd8 19. Nf1 Ne5 20. Nxe5 Bxe5 21. Rxd7 Qxd7 22. Qc2 Qc6 23. Ne3 c4 24. Rd1 Rc8 25. Ng4 Bg7 26. e5 h5 27. Nf6+ Bxf6 28. exf6 e5 29. Qd2 Qxf6 30. Qd7 Ra8 31. Qd5 Rc8 32. Qd7 Ra8 33. Qd5 Re8 34. Qxc4 e4 35. Qd4 Qf4 36. Re1 Re6 37. f3 h4 38. Rxe4 Qc1+ 39. Kh2 Rxe4 40. Qxe4 Qxb2 41. Qe8+ Kg7 42. Qe5+ Kg8 43. Qe8+ Kg7 44. Qe5+ Kg8 1/2-1/2

[Event "HUN-chT2 Maroczy 0405"]
[Site "Hungary"]
[Date "2004.11.21"]
[Round "3"]
[White "Kincs, Imre"]
[Black "Veroci, Zsuzsa"]
[Result "1/2-1/2"]
[WhiteElo "2251"]
[BlackElo "2305"]
[PlyCount "69"]
[EventDate "2004.09.26"]
[EventType "team"]
[EventRounds "11"]
[EventCountry "HUN"]
[SourceTitle "EXT 2008"]
[Source "ChessBase"]
[SourceDate "2007.11.25"]
[SourceVersion "1"]
[SourceVersionDate "2007.11.25"]
[SourceQuality "1"]
[WhiteTeam "Penzugyor"]
[BlackTeam "Miskolc"]
[WhiteTeamCountry "HUN"]
[BlackTeamCountry "HUN"]

1. d4 Nf6 2. c4 g6 3. Nc3 d5 4. Nf3 Bg7 5. cxd5 Nxd5 6. e4 Nxc3 7. bxc3 c5 8. Be2 0-0 9. 0-0 cxd4 10. cxd4 Nc6 11. Be3 Bg4 12. Rb1 Bxf3 13. Bxf3 Nxd4 14. Rxb7 Nxf3+ 15. Qxf3 Qa5 16. Qe2 e6 17. Rd1 Rfb8 18. Rdd7 Rxb7 19. Rxb7 Qe5 20. f3 Qa1+ 21. Kf2 Bd4 22. Bxd4 Qxd4+ 23. Qe3 Qa4 24. a3 a5 25. Qc5 Rd8 26. Kg3 Ra8 27. Qe7 Rf8 28. Ra7 Qd1 29. Qc5 a4 30. Qb4 Qc1 31. h4 g5 32. e5 Qe3 33. Ra5 Rd8 34. hxg5 Qxg5+ 35. Qg4 1/2-1/2

[Event "ACP Blitz Prelim2 3rd"]
[Site "Playchess.com INT"]
[Date "2004.06.02"]
[Round "16"]
[White "Fernandez Aguado, Juan Luis"]
[Black "Veroci, Zsuzsa"]
[Result "1-0"]
[WhiteElo "2316"]
[BlackElo "2315"]
[PlyCount "87"]
[EventDate "2004.06.01"]
[EventType "tourn (blitz)"]
[EventRounds "22"]
[EventCountry "GER"]
[EventCategory "10"]
[SourceTitle "CBM 100 Extra"]
[Source "ChessBase"]
[SourceDate "2004.07.06"]
[SourceVersion "2"]
[SourceVersionDate "2004.07.06"]
[SourceQuality "1"]

1. e4 e5 2. Nf3 Nc6 3. Bb5 a6 4. Ba4 d6 5. c3 Bd7 6. d4 g6 7. 0-0 Bg7 8. Re1 Qe7 9. h3 Nf6 10. Nbd2 0-0 11. Nf1 Qe8 12. Bc2 Nh5 13. Ne3 Nf4 14. Nd5 Nxd5 15. exd5 Ne7 16. dxe5 dxe5 17. Nxe5 Rd8 18. Bf4 Bc8 19. c4 f6 20. Nf3 Qd7 21. Nd4 f5 22. Be5 Bxe5 23. Rxe5 Nc6 24. dxc6 Qxd4 25. Qxd4 Rxd4 26. cxb7 Bxb7 27. Re7 Rd2 28. Rxc7 Rxc2 29. Rxb7 Rxc4 30. Rd1 Rf7 31. Rd8+ Kg7 32. Rxf7+ Kxf7 33. Rd7+ Kf6 34. Rxh7 Rc1+ 35. Kh2 Rc2 36. Ra7 Rxb2 37. Rxa6+ Kg5 38. f3 f4 39. a4 Kf5 40. a5 g5 41. Ra8 Ke5 42. a6 Ra2 43. a7 Kd4 44. Rd8+ 1-0

[Event "ACP Blitz Prelim2 3rd"]
[Site "Playchess.com INT"]
[Date "2004.06.02"]
[Round "19"]
[White "Veroci, Zsuzsa"]
[Black "Skripchenko, Almira"]
[Result "1/2-1/2"]
[WhiteElo "2315"]
[BlackElo "2456"]
[PlyCount "145"]
[EventDate "2004.06.01"]
[EventType "tourn (blitz)"]
[EventRounds "22"]
[EventCountry "GER"]
[EventCategory "10"]
[SourceTitle "CBM 100 Extra"]
[Source "ChessBase"]
[SourceDate "2004.07.06"]
[SourceVersion "2"]
[SourceVersionDate "2004.07.06"]
[SourceQuality "1"]

1. e4 c5 2. Nf3 e6 3. d4 cxd4 4. Nxd4 Nf6 5. Nc3 Nc6 6. Ndb5 d6 7. Bf4 e5 8. Bg5 a6 9. Na3 b5 10. Bxf6 gxf6 11. Nd5 f5 12. c3 Bg7 13. exf5 Bxf5 14. Nc2 0-0 15. Nce3 Be6 16. Bd3 f5 17. 0-0 Kh8 18. Bc2 Ne7 19. Nxe7 Qxe7 20. a4 Rab8 21. axb5 axb5 22. Nd5 Qf7 23. Nb4 Rb6 24. f4 e4 25. Qd2 Qc7 26. Kh1 Qc5 27. Ra7 Rbb8 28. Ra6 Rbd8 29. Rd1 Bc4 30. Nd5 Bxd5 31. Qxd5 Qf2 32. Qd2 Qxd2 33. Rxd2 d5 34. Kg1 b4 35. cxb4 d4 36. b5 d3 37. Bb1 Rb8 38. Ra5 Bd4+ 39. Kf1 Rfc8 40. Bxd3 exd3 41. Rxd3 Bxb2 42. Rd5 Re8 43. Rxf5 Bd4 44. Rd5 Bb6 45. Ra6 Be3 46. g3 Bb6 47. Kg2 Re7 48. Kf3 Reb7 49. g4 Bd8 50. f5 Kg7 51. Kf4 h6 52. Rg6+ Kh7 53. Rgd6 Bg5+ 54. Kf3 Rxb5 55. Rd7+ Kh8 56. Rxb5 Rxb5 57. Ke4 Rb2 58. h3 Re2+ 59. Kf3 Re3+ 60. Kg2 Bf4 61. Rb7 Rg3+ 62. Kf2 Rxh3 63. Re7 Bg5 64. Rd7 Kg8 65. Kg2 Rb3 66. Kf2 Bf4 67. Kg2 Rg3+ 68. Kf2 Rxg4 69. Kf3 Rh4 70. Rd4 Bg5 71. Rxh4 Bxh4 72. Kg4 Bf6 73. Kh5 1/2-1/2

[Event "ACP Blitz Prelim2 3rd"]
[Site "Playchess.com INT"]
[Date "2004.06.01"]
[Round "6"]
[White "Deviatkin, Andrei"]
[Black "Veroci, Zsuzsa"]
[Result "1-0"]
[WhiteElo "2495"]
[BlackElo "2315"]
[PlyCount "79"]
[EventDate "2004.06.01"]
[EventType "tourn (blitz)"]
[EventRounds "22"]
[EventCountry "GER"]
[EventCategory "10"]
[SourceTitle "CBM 100 Extra"]
[Source "ChessBase"]
[SourceDate "2004.07.06"]
[SourceVersion "2"]
[SourceVersionDate "2004.07.06"]
[SourceQuality "1"]

1. e4 e5 2. Nf3 Nc6 3. Bb5 a6 4. Bxc6 dxc6 5. 0-0 Qd6 6. Na3 Be6 7. Qe2 f6 8. d3 Ne7 9. Nc4 Qd7 10. Be3 g5 11. Bxg5 Bg7 12. Bh4 Ng6 13. Bg3 0-0-0 14. Rad1 h5 15. Nh4 Nxh4 16. Bxh4 Rdg8 17. Kh1 Qf7 18. Ne3 Bh6 19. f3 Bf4 20. Rf2 Qg6 21. g3 Bh6 22. b3 Rh7 23. Nf5 Bxf5 24. exf5 Qxf5 25. Qe4 Qg6 26. Qxg6 Rxg6 27. Re1 Rd7 28. Re4 Bg7 29. g4 hxg4 30. fxg4 Rd5 31. Rf5 Kd7 32. Kg2 Ke6 33. Kf3 c5 34. Bg3 Rd4 35. Rh5 c6 36. h3 b5 37. Bf2 Rd5 38. Ke2 a5 39. c4 bxc4 40. dxc4 1-0

[Event "ACP Blitz Prelim2 3rd"]
[Site "Playchess.com INT"]
[Date "2004.06.01"]
[Round "8"]
[White "Skripchenko, Almira"]
[Black "Veroci, Zsuzsa"]
[Result "1-0"]
[WhiteElo "2456"]
[BlackElo "2315"]
[PlyCount "81"]
[EventDate "2004.06.01"]
[EventType "tourn (blitz)"]
[EventRounds "22"]
[EventCountry "GER"]
[EventCategory "10"]
[SourceTitle "CBM 100 Extra"]
[Source "ChessBase"]
[SourceDate "2004.07.06"]
[SourceVersion "2"]
[SourceVersionDate "2004.07.06"]
[SourceQuality "1"]

1. e4 e5 2. Nf3 Nc6 3. Bc4 Bc5 4. c3 Nf6 5. d3 d6 6. Nbd2 a6 7. Nf1 Ng4 8. Ne3 Nxe3 9. Bxe3 Bxe3 10. fxe3 0-0 11. b4 Be6 12. Bb3 Bxb3 13. Qxb3 Qd7 14. 0-0 h6 15. a4 Ne7 16. b5 axb5 17. axb5 Ng6 18. b6 cxb6 19. Qxb6 Rac8 20. c4 f5 21. exf5 Rxf5 22. Nd2 Rxf1+ 23. Rxf1 Qc6 24. Qb3 Nh4 25. Ne4 Kh7 26. Rb1 Rc7 27. Qb6 Nf5 28. Kf2 Rf7 29. Ke2 Qd7 30. Qb5 Qe7 31. Kd2 Qh4 32. Qd5 Qe7 33. g4 Nh4 34. Qxd6 Rf2+ 35. Kc3 Qxd6 36. Nxd6 Rxh2 37. Rxb7 Rg2 38. c5 Rxg4 39. c6 Rg1 40. Nc4 Rc1+ 41. Kb2 1-0

[Event "ACP Blitz Prelim2 3rd"]
[Site "Playchess.com INT"]
[Date "2004.06.01"]
[Round "10"]
[White "Vaisser, Anatoli"]
[Black "Veroci, Zsuzsa"]
[Result "1-0"]
[WhiteElo "2573"]
[BlackElo "2315"]
[PlyCount "89"]
[EventDate "2004.06.01"]
[EventType "tourn (blitz)"]
[EventRounds "22"]
[EventCountry "GER"]
[EventCategory "10"]
[SourceTitle "CBM 100 Extra"]
[Source "ChessBase"]
[SourceDate "2004.07.06"]
[SourceVersion "2"]
[SourceVersionDate "2004.07.06"]
[SourceQuality "1"]

1. d4 Nf6 2. c4 g6 3. Nc3 d5 4. Nf3 Bg7 5. Bg5 Ne4 6. cxd5 Nxg5 7. Nxg5 e6 8. Qd2 h6 9. Nf3 exd5 10. e3 0-0 11. Be2 c6 12. 0-0 Nd7 13. b4 Qe7 14. Rab1 a6 15. a4 Nf6 16. b5 axb5 17. axb5 Ne4 18. Qb2 Qa3 19. Qxa3 Rxa3 20. Nxe4 dxe4 21. Nd2 f5 22. Rfc1 f4 23. Nc4 Ra2 24. Rb2 Rxb2 25. Nxb2 cxb5 26. Bxb5 fxe3 27. fxe3 Be6 28. Rc7 Rc8 29. Rxc8+ Bxc8 30. Bc4+ Kf8 31. Bd5 Bf5 32. Bxb7 Ke7 33. Nc4 Bf6 34. Nd2 Bg5 35. Kf2 Kf6 36. Bxe4 Bc8 37. g3 h5 38. Bd3 Bb7 39. Be4 Bc8 40. Nf3 Bh6 41. Ne5 Bf8 42. Nxg6 Bb4 43. Nf4 Bg4 44. Nd5+ Ke6 45. Nxb4 1-0